| 000 | 00360 a2200169 4500 | ||
|---|---|---|---|
| 001 | 184616 | ||
| 020 | _a | ||
| 040 | _cMagnum | ||
| 100 | _aCarvalho, Andre | ||
| 240 | 1 | 0 |
_aO menino e a nuvem _lpor |
| 245 | 1 | 0 | _aO menino e a nuvem |
| 300 | _a24 | ||
| 362 | 0 | _a1998 | |
| 440 | 1 | _aCĂrculo do Livro | |
| 697 | _aLITERATURA INFANTO-JUVENIL | ||
| 942 | _cBK | ||
| 999 |
_c184616 _d184616 |
||